000
00284nam a22001337a 4500
020
_a
978-93-83760-43-5
082
_a
823
_b
KAN/M
100
_a
KANAKARAGHAVAN
245
_a
MAGIC POND
260
_a
THRISSUR
_b
H&C
300
_a
48
650
_a
ENGLISH SHORT STORY
_z
KERALA
942
_c
BK
999
_c
3554
_d
3554